| 000 | 00689nam a2200205 i 4500 | ||
|---|---|---|---|
| 001 | 38386 | ||
| 003 | ES-MaACL | ||
| 005 | 20230906155740.0 | ||
| 007 | t| | ||
| 008 | 030225s1907 xxk ||||1| eng d | ||
| 100 | 1 |
_aBurnet, Gilbert. _932731 |
|
| 245 | 1 | 3 | _aA Life of Gilbert Burnet, Bishop of Salisbury. |
| 260 |
_aCambridge : _bUniversity Press, _c1907. |
||
| 300 |
_aXLVI, 586 p. ; _c25 cm. |
||
| 505 | 8 | _aContiene : I. Scotland, 1643-1674 / by T.E.S. Clarke. -- II. England, 1674-1715 / by H.C. Foxcroft ; with an introduction by C.H. Firth | |
| 700 | 1 |
_aFirth, C. H. _950961 |
|
| 700 | 1 |
_aFoxcroft, H. C. _952037 |
|
| 700 | 1 |
_aClarke, T. E. S. _939067 |
|
| 852 |
_aES-MaACL _jF-302 |
||
| 999 |
_c38386 _d38386 |
||